Alpe del Vicerè 1973 e Re nudo /

שמור ב:
מידע ביבליוגרפי
מחברים אחרים: Salvaggio, Luigi (regista) (Director), Vergani, Dario (Director)
פורמט: שקופית
שפה:איטלקית
יצא לאור: [Milano] : Vololibero, 2010
תגים: הוספת תג
אין תגיות, היה/י הראשונ/ה לתייג את הרשומה!

MARC

LEADER 00000ngm a22000007ib4500
001 IT\ICCU\UFE\0965972
003 ItRI
005 20260124182914.0
008 110805s2010 it |||||||||||||||k|||||c
028 4 2 |a VL1001 
040 |b ita 
041 7 |a ita  |2 ISO-639-2 
130 0 |a Alpe di Vicerè 1973 e Re nudo  |3 IT\ICCU\UFE\0965984 
245 0 0 |a Alpe del Vicerè 1973 e Re nudo /  |c [montaggio e regia di Luigi Salvaggio e Dario Vergani ; authoring: Real sound studios]. 
260 |a [Milano] :  |b Vololibero,  |c 2010 
300 |a 1 DVD-Video ;  |c 12 cm 
500 |a Titolo del contenitore 
500 |a Contiene: Alpe del Vicerè 1973 / riprese di Luigi Verderio (26 min 30 s); Massimo Villa / riprese di Luigi Salvaggio (15 min 19 s); Eugenio Finardi / riprese di Luca Bozzo (12 min 15 s); SimonLuca / riprese di Luigi Salvaggio (10 min 13 s); Andrea Mjid Vacarenghi / riprese di Enzo e Davide Giandomenico (6 min 11 s). 
700 1 |a Salvaggio, Luigi  |c  (regista)  |0 IT\ICCU\UFEV\406813  |4 drt 
700 1 |a Vergani, Dario  |0 IT\ICCU\UFEV\406814  |4 drt 
773 0 |w IT\ICCU\UFE\0965971  |t Re nudo pop & altri festival 
942 |2 ddc  |c VM  |n 0 
952 |0 0  |1 0  |4 0  |6 VO_2335_000000000000000  |7 0  |9 27856  |a BO  |b BO  |d 2026-01-24  |i 18782  |l 0  |o VO 2335  |p BO18782  |r 2026-01-24 18:29:14  |w 2026-01-24  |x [Sebina 5] [1 v. + 1 cd + 1dvd]  |y VM  |z 1 dvd 
999 |c 23617  |d 23617